Guardians of the Galaxy Quiz (SPOILERS) - Statistics

General Stats
  • This quiz has been taken 42 times
    38 since last reset
  • The average score is 12 of 20
Answer Stats
Actor Role % Correct
Zoe Saldana Gamora
100%
Vin Diesel Groot
100%
Chris Pratt Peter Quill/Star-Lord
97%
Bradley Cooper Rocket Raccoon
97%
Dave Bautista Drax the Destroyer
91%
Karen Gillan Nebula
88%
Michael Rooker Yondu Udonta
84%
Josh Brolin Thanos
81%
Lee Pace Ronan the Accuser
78%
Benicio Del Toro The Collector
75%
Sean Gunn Kraglin Obfonteri
66%
Glenn Close Nova Prime
50%
Djimon Hounsou Korath the Pursuer
44%
Seth Green Howard the Duck
31%
John C. Reilly Corpsman Dey
25%
Peter Serafinowicz Denarian Saal
22%
Gregg Henry Jason Quill
22%
Laura Haddock Meredith Quill
22%
Alexis Denisof The Other
19%
Christopher Fairbank The Broker
16%
No matching quizzes found
Score Distribution
Percent of People with Each Score
Percentile by Number Answered
Your Score History
You have not taken this quiz since the last reset